000 00273nam a2200121Ia 4500
008 190216s9999||||xx |||||||||||||| ||und||
100 _aDass V N
245 0 _aHeat Light And Sounds
260 _bDominant Pub:New Delhi
300 _a467
650 _aPhysics
942 _cBK
999 _c33934
_d33934